00000000nam##2200000za#4500
0019.539171
003CaOODSP
00520210615085044
007ta
008150406|2004||||xxc|||||     f|0| 0 fre|d
020 |a0-660-62518-0
040 |aCaOODSP|bfre
041 |aeng
041 |afre
043 |an-cn---
0861 |aBT31-2/2005-III-81
1101 |aCanada. |bConseil du trésor.
24510|aAgence de promotion économique du Canada atlantique
260 |bSecrétariat du Conseil du Trésor du Canada |c2004.
300 |aTexte français, 68p. : |borganigramme, tableaux, index ; |c28 cm.
4901 |aBudget des dépenses 2004-2005. Partie III, Rapport sur les plans et les priorités
5203 |aLes rapports sur les plans et priorités (RPP) sont des plans de dépenses individuels pour chaque ministère et organisme (sauf les sociétés d’État) pour l’exercice 2004-2005. Ces rapports contiennent des renseignements sur les objectifs, les initiatives et les résultats prévus du ministère, y compris des liens vers des besoins connexes en ressources sur une période de trois ans. Le RPP fournit également des détails sur les besoins en ressources humaines, sur les principaux projets d’investissement, sur les subventions et contributions et sur les coûts nets des programmes.
563 |aCouverture souple
590 |a04-42|b2004-10-15
7760#|tAgence de promotion économique du Canada atlantique, budget des dépenses 2004-2005, partie III, rapport sur les plans et priorités |w(CaOODSP)9.600076
7760#|tAtlantic Canada Opportunities Agency, 2004-2005 estimates, part III, report on plans and priorities |w(CaOODSP)9.568810
791 |tAtlantic Canada Opportunities Agency |eeng|w(CaOODSP)9.539170
830#0|aBudget des dépenses 2004-2005. Partie III, Rapport sur les plans et les priorités.|w(CaOODSP)9.510941